00370 a2200145 4500003000400000005001700004008004100021020001500062040000900077082001500086100002200101245005900123260003300182300000900215OSt20231110142301.0231110b |||||||| |||| 00| 0 eng d a8187570741 coclc a297bKHA/J1 aKhan, Saniyasnain aThe junior encyclopedia of Islam /bSaniyasnain Khan,  aNew Delhi:bGoodword,c2013. a141p